Molecular cloning : a laboratory manual /

Bibliographic Details
Main Author: Sambrook, Joseph
Other Authors: Russell, David W. (David William), 1957-
Format: Book
Language:English
Published: Cold Spring Harbor, N.Y. : Cold Spring Harbor Laboratory Press, c2001.
Edition:Third editon.
Subjects:
Classic Catalogue: View this record in Classic Catalogue
LEADER 01142nam a2200289 a 4500
001 12162602
003 BD-DhAAL
008 090521s2001 nyua b 001 0 eng d
010 |a  00064380  
020 |a 9780879698140 
040 |a DNLM/DLC  |c DLC  |d DLC  |d DB-DhAAL 
082 0 0 |a 572.8  |2 21 
100 1 |a Sambrook, Joseph.  |9 59949 
245 1 0 |a Molecular cloning :  |b a laboratory manual /  |c Joseph Sambrook, David W. Russell. 
250 |a Third editon. 
260 |a Cold Spring Harbor, N.Y. :  |b Cold Spring Harbor Laboratory Press,  |c c2001. 
300 |a 3 volume :  |b illustrations ;  |c 28 cm. 
362 0 |a Volume 3 
504 |a Includes bibliographical references and index. 
541 1 |e 00016303 
650 0 |a Molecular cloning  |v Laboratory manuals.  |9 59950 
650 1 2 |a Cloning, Molecular  |v Laboratory Manuals.  |9 59951 
700 1 |a Russell, David W.  |q (David William),  |d 1957-  |9 59952 
852 4 |a Ayesha Abed Library   |j General Shelf. 
942 |2 ddc  |c BK 
999 |c 8576  |d 8576 
952 |0 0  |1 0  |2 ddc  |4 0  |6 572_800000000000000_SAM_2001  |7 0  |9 10186  |a BRACUL  |b BRACUL  |c GEN  |d 2010-05-16  |l 12  |m 44  |o 572.8 SAM  |p 3010016303  |r 2024-06-30  |s 2024-06-24  |t 1  |w 2010-05-16  |y BK